El hermano asno

Furkejuvvon:
Bibliográfalaš dieđut
Váldodahkki: Barrios, Eduardo (Dahkki)
Materiálatiipa: Girji
Giella:espánnjágiella
Almmustuhtton: Buenos Aires Losada 1946
Ráidu:Biblioteca contemporánea, 187
Fáttát:
Fáddágilkorat: Lasit fáddágilkoriid
Eai fáddágilkorat, Lasit vuosttaš fáddágilkora!

MARC

LEADER 00000nam a2200000 a 4500
001 UCX2997
003 CL-VaPUC
008 910912e19460000AG |||||||||||||||||spa|d
082 0 4 |a Ch863  |b BAR  |2 21 
100 0 |a Barrios, Eduardo  |e author  |9 319126 
245 1 3 |a El hermano asno 
300 |a 167 p 
942 |c BK 
945 |d 19910912 00:00:00 
260 |a Buenos Aires  |b Losada  |c 1946 
650 0 |a Novelas chilenas   |9 265425 
583 |a last modification  |c 19910912 00:00:00  |k Rodrigo Vera 
490 0 |a Biblioteca contemporánea, 187 
999 |c 223889  |d 223887 
952 |0 0  |1 0  |4 0  |6 CH_863_000000000000000_BAR_1946  |7 0  |8 A  |9 220124  |a BIBEDU  |b BIBEDU  |d 2019-11-15  |i 2887959  |o Ch863 BAR 1946  |p 2887959  |r 2019-11-15  |w 2019-11-15  |y BK  |k LIT